000 00293nam a22001337a 4500
008 180224b xxu||||| |||| 00| 0 eng d
020 _a9780867208177
041 _aeng
080 _a316
100 _a50
101 _aSOC
245 _aA Challenge of Living
_cCorless, I.B
942 _2udc
_cBK
999 _c43352
_d43352